000 00678nam a2200229 i 4500
001 bg
100 1 _aWIERZBICKI, Marek
245 1 0 _aProgramowanie obiektowe w Turbo Pascalu 7.0 z wykorzystaniem biblioteki Turbo Vision /
_cMarek Wierzbicki.
250 _a[Wyd.1 nakł.2].
260 _aWarszawa :
_b"Lupus",
_c1994.
300 _a323, [1] s. :
_brys. ;
_c24 cm.
504 _aBibliogr. s. 319-320. - Indeks.
630 0 9 _aPASCAL
655 _aPodręczniki akademickie
020 _a8385545166
040 _cBPK
041 0 _apl
080 _a681.322.06:519.682Pascal](075.8)
920 _a83-85545-16-6
942 _cKS
008 s pl f |000 0 pol
999 _c32096
_d32096
856 _uhttp://koha.tu.koszalin.pl/cgi-bin/koha/opac-detail.pl?biblionumber=32096
_yKatalog online BPK